<Le> capitalisme dans tous ses états
Enregistré dans:
| Auteur principal: | |
|---|---|
| Format: | Livre |
| Langue: | français |
| Publié: |
Paris
Fayard
1991
|
| Sujets: | |
| Tags: |
Pas de tags, Soyez le premier à ajouter un tag!
|
MARC
| LEADER | 00000nam$a2200000$$$4500 | ||
|---|---|---|---|
| 001 | 0112975 | ||
| 005 | 20240111124725.4 | ||
| 020 | |a 2-213-02647-5 | ||
| 041 | 0 | |a fre | |
| 044 | |a FR | ||
| 245 | 1 | 0 | |a <Le> capitalisme dans tous ses états |c Alain Cotta |
| 264 | 1 | |a Paris |b Fayard |c 1991 | |
| 300 | |a 186 s. | ||
| 610 | 2 | 0 | |a kapitalizmus |
| 100 | 1 | |a Cotta, Alain | |